000 nam a22 7a 4500
999 _c234547
_d234547
003 Nust
005 20170412125541.0
008 170322b xxu||||| |||| 00| 0 eng d
020 _a8129700832
040 _aDLC
_bDLC
_cRCMS
082 _a621.367 JAI
100 _aJain Anil K
245 _aFundamentals of Digital Image Processing
260 _aIndia
_bPearson Education
_cc1989
300 _axx,586,p:
_bill;
_c26,cm.
538 _iShelf # 15, Row # 3, Communication.
650 _aImaging Systems/ Signal Processing
856 _3Table of Content Only
942 _2ddc
_cBK